Vlastní pnutí v ocelových konstrukcích /

Uložené v:
Podrobná bibliografia
Hlavní autori: Havlůj, Vladimír (Author), Marek, Pavel, 1932- (Author), Považan, Ján (Author)
Médium: Kniha
Jazyk:Czech
Vydané: Praha : Státní nakladatelství technické literatury, 1979.
Vydanie:1. vyd.
Fyzický popis: 105 s.
Tagy: Pridať tag
Žiadne tagy, Buďte prvý kto otaguje tento záznam!

MARC

LEADER 00000nam a2200000 a 4500
001 000171886
005 20091111211947.0
008 791213 1979 cs cze d
040 |a SVKKK  |b slo  |c SVKKK  |e AACR2 
041 0 |a cze 
044 |a xr  |c CZ 
100 1 |a Havlůj, Vladimír  |4 aut 
245 1 0 |a Vlastní pnutí v ocelových konstrukcích /  |c Vladimír Havlůj, Pavel Marek, Ján Považan. 
250 |a 1. vyd. 
260 |a Praha :  |b Státní nakladatelství technické literatury,  |c 1979. 
300 |a 105 s. 
700 1 |a Marek, Pavel,  |d 1932-  |4 aut 
700 1 |a Považan, Ján  |4 aut 
910 |a svkkk 
998 |a BK 
090 |g SCKHL  |k Sklad Pribinova 2. posch.  |a II.254883  |j 612466  |i 171886-10  |s Absenčne